000 00471nam a2200145Ia 4500
008 100122s9999 xx 000 0 und d
082 _b41367
_a204
100 _aपंडित नलिनी
245 _aधर्म शासन आणि समाज
260 _bजयंत गडकरी
_c1987
300 _a82
630 _aधर्म शासन आणि समाज
730 _aधर्म शासन आणि समाज
942 _cBOOK
999 _c422022
_d422019